Państwo po piosence - Eurowizja 2025 - Statystyki

Ogólne statystyki
  • Ten quiz został rozwiązany 374 razy
  • Średni wynik to 30 z 37
Statystyki odpowiedzi
Tytuł Państwo % Poprawnych
"Espresso Macchiato" Estonia
99%
"GAJA" Polska
98%
"Bara bada bastu" Szwecja
94%
"Ich komme" Finlandia
93%
"Tutta l'Italia" San Marino
92%
"Milkshake Man" Australia
91%
"Wasted Love" Austria
90%
"RÓA" Islandia
88%
"What The Hell Just Happened?" Wielka Brytania
88%
"Lighter" Norwegia
87%
"ESA DIVA" Hiszpania
86%
"Baller" Niemcy
86%
"C'est la Vie" Holandia
85%
"Zjerm" Albania
84%
"La poupée monte le son" Luksemburg
82%
"Laika Party" Irlandia
80%
"New Day Will Rise" Izrael
80%
"Serving" Malta
80%
"Maman" Francja
79%
"Bird of Pray" Ukraina
79%
"Hallucination" Dania
78%
"Survivior" Armenia
77%
"Volevo essere un duro" Włochy
77%
"Voyage" Szwajcaria
76%
"Asteromáta" Grecja
74%
"Poison Cake" Chorwacja
73%
"Dobrodošli" Czarnogóra
73%
"Kiss Kiss Goodbye" Czechy
73%
"Deslocado" Portugalia
72%
"Tavo akys" Litwa
71%
"Strobe Lights" Belgia
70%
"How Much Time Do We Have Left" Słowenia
69%
"Run With U" Azerbejdżan
67%
"Freedom" Gruzja
67%
"Bur man laimi" Łotwa
67%
"Shh" Cypr
66%
"Mila" Serbia
63%
Nie znaleziono quizów pasujących do podanych kryteriów
Rozkład punktacji
Procent ludzi z każdym wynikiem
Percentyl według liczby udzielonych odpowiedzi
Twoja historia wyników
Nie rozwiązałeś tego quizu